000 00723nam a2200265Ia 4500
003 OSt
005 20221006160141.0
006 a|||||r|||| 00| 0
007 ta
008 221006b |||||||| |||| 00| 0 eng d
020 _a9781565913219
_c
_19.50
024 _a44,446
037 _bGift, KCC (Window on Korea)
_cTextual
040 _aEASL
_cEASL
_beng
041 _2eng
_aeng
082 _aNT495, Q1
100 _aLee Chin A
_9672113
245 0 _aDae hang no
_b Theater district in seoul
260 _aSeoul
_bHollym
_c2011
300 _a128p.
_ccm.
490 _v KEL
650 _aKEL
942 _hNT495, Q1
_cTEXL
_2CC
999 _c1112538
_d1112538